[Event "Barranquilla Carnaval Cup"]
[Site "Barranquilla"]
[Date "2024.02.04"]
[Round "4"]
[White "Brito Carrascal, Isabela"]
[Black "Rebolledo Gomez, Ronald"]
[Result "0-1"]
[WhiteElo "1713"]
[BlackElo "1643"]
[PlyCount "38"]
[EventDate "2024.02.03"]
[EventType "swiss"]
[EventRounds "9"]
[EventCountry "COL"]
[SourceTitle "CB07_2024"]
[SourceDate "2024.02.14"]
[SourceVersion "1"]
[SourceVersionDate "2024.02.14"]
[SourceQuality "1"]

1. e4 c5 2. Nf3 g6 3. d4 cxd4 4. Nxd4 Bg7 5. c4 Nc6 6. Be3 Qb6 7. Nb5 Qa5+ 8. N1c3 Nf6 9. f3 a6 10. Nd4 d6 11. Be2 Bd7 12. 0-0 Rc8 13. Rc1 0-0 14. Nb3 Qd8 15. Na4 Ne5 16. Nb6 Rc6 17. Nd5 b5 18. Nd4 Rxc4 19. Bxc4 Nxc4 0-1

[Event "Bucaramanga op"]
[Site "Bucaramanga"]
[Date "2023.09.07"]
[Round "4"]
[White "Brito Carrascal, Isabela"]
[Black "Vargas, Mauricio"]
[Result "0-1"]
[WhiteElo "1708"]
[BlackElo "1961"]
[PlyCount "48"]
[EventDate "2023.09.06"]
[EventType "swiss"]
[EventRounds "9"]
[EventCountry "COL"]
[SourceTitle "EXT 2024"]
[Source "ChessBase"]
[SourceDate "2023.10.10"]
[SourceVersion "1"]
[SourceVersionDate "2023.10.10"]
[SourceQuality "1"]

1. e4 c5 2. Nf3 e6 3. d4 cxd4 4. Nxd4 Nf6 5. Nc3 Bb4 6. Bd3 d5 7. e5 Nfd7 8. f4 Nc6 9. Nxc6 bxc6 10. 0-0 Qb6+ 11. Kh1 h5 12. Qe2 g6 13. Be3 Qa5 14. Nd1 Nc5 15. Nf2 Nxd3 16. Nxd3 Ba6 17. c3 Be7 18. b4 Qa3 19. Qc2 0-0 20. Rfd1 Bxd3 21. Rxd3 Rfc8 22. Bc1 Qa6 23. a4 Qc4 24. Rd4 Qf1# 0-1

[Event "Bucaramanga op"]
[Site "Bucaramanga"]
[Date "2023.09.06"]
[Round "2"]
[White "Brito Carrascal, Isabela"]
[Black "Cardenas Briceno, Eloy"]
[Result "1-0"]
[WhiteElo "1708"]
[BlackElo "1439"]
[PlyCount "47"]
[EventDate "2023.09.06"]
[EventType "swiss"]
[EventRounds "9"]
[EventCountry "COL"]
[SourceTitle "EXT 2024"]
[Source "ChessBase"]
[SourceDate "2023.10.10"]
[SourceVersion "1"]
[SourceVersionDate "2023.10.10"]
[SourceQuality "1"]

1. e4 e5 2. Nf3 Nc6 3. Bb5 a6 4. Bxc6 dxc6 5. 0-0 Bg4 6. h3 Bh5 7. g4 Bg6 8. Nxe5 Qe7 9. d4 0-0-0 10. c3 Qh4 11. Qf3 f6 12. Nxg6 hxg6 13. Kg2 Bd6 14. Be3 Ne7 15. Nd2 Rdf8 16. Rh1 g5 17. c4 b6 18. c5 bxc5 19. dxc5 Be5 20. Nc4 Kb8 21. Rad1 Ng6 22. Na5 Qh7 23. Bxg5 fxg5 24. Qb3+ 1-0

[Event "COL-chT (Women)"]
[Site "Santa Marta"]
[Date "2022.11.04"]
[Round "5.4"]
[White "Brito Carrascal, Isabela"]
[Black "Martinez Salgado, Gabriela"]
[Result "1-0"]
[WhiteElo "1585"]
[BlackElo "1245"]
[PlyCount "73"]
[EventDate "2022.11.02"]
[EventType "team-swiss"]
[EventRounds "7"]
[EventCountry "COL"]
[SourceTitle "CBM 211 Extra"]
[Source "ChessBase"]
[SourceDate "2023.01.31"]
[SourceVersion "1"]
[SourceVersionDate "2023.01.31"]
[SourceQuality "1"]
[WhiteTeam "Bolivar (W)"]
[BlackTeam "Caldas (W)"]
[WhiteTeamCountry "COL"]
[BlackTeamCountry "COL"]

1. e4 c5 2. Nf3 Nc6 3. d4 cxd4 4. Nxd4 g6 5. c4 Bg7 6. Be3 Nf6 7. Nc3 Ng4 8. Nxc6 Nxe3 9. Nxd8 Nxd1 10. Nxd1 Kxd8 11. Be2 d6 12. 0-0 Be6 13. Rb1 Rc8 14. b3 Kd7 15. Bf3 b6 16. Ne3 Rhd8 17. Rfd1 Ke8 18. Bg4 Bxg4 19. Nxg4 Rc5 20. Ne3 Rdc8 21. a4 a6 22. b4 Re5 23. Rd4 Re6 24. e5 Rxe5 25. Nd5 Re2 26. Rh4 Rb8 27. Nc7+ Kd7 28. Nxa6 Ra8 29. b5 Ra2 30. Rxh7 Rg8 31. Nb4 e6 32. Nxa2 Ke7 33. a5 Bd4 34. a6 Ra8 35. Nb4 Ke8 36. Nc6 Bf6 37. Rd1 1-0

[Event "COL-ch (Women)"]
[Site "Boyaca"]
[Date "2022.08.19"]
[Round "6"]
[White "Brito Carrascal, Isabela"]
[Black "Caicedo Anguila, Juliana Andrea"]
[Result "0-1"]
[WhiteElo "1603"]
[BlackElo "1591"]
[PlyCount "28"]
[EventDate "2022.08.17"]
[EventType "swiss"]
[EventRounds "9"]
[EventCountry "COL"]
[SourceTitle "CBM 210 Extra"]
[Source "ChessBase"]
[SourceDate "2022.11.30"]
[SourceVersion "1"]
[SourceVersionDate "2022.11.30"]
[SourceQuality "1"]

1. e4 c5 2. Nf3 d6 3. d4 cxd4 4. Nxd4 Nf6 5. f3 e5 6. Bb5+ Nbd7 7. Nf5 a6 8. Bxd7+ Qxd7 9. Bg5 d5 10. Nc3 d4 11. Bxf6 gxf6 12. Nd5 Qc6 13. g4 Bxf5 14. gxf5 Rd8 0-1

[Event "COL-ch U20 Girls"]
[Site "Barranquilla"]
[Date "2022.07.09"]
[Round "7"]
[White "Mercado Maestre, Maria Angel"]
[Black "Brito Carrascal, Isabela"]
[Result "0-1"]
[WhiteElo "1312"]
[BlackElo "1599"]
[PlyCount "78"]
[EventDate "2022.07.06"]
[EventType "swiss"]
[EventRounds "9"]
[EventCountry "COL"]
[SourceTitle "EXT 2023"]
[Source "ChessBase"]
[SourceDate "2022.10.05"]
[SourceVersion "1"]
[SourceVersionDate "2022.10.05"]
[SourceQuality "1"]

1. d4 Nf6 2. c4 e6 3. Nc3 Bb4 4. Qc2 0-0 5. e4 Bxc3+ 6. bxc3 d6 7. Bd3 e5 8. Nf3 Re8 9. d5 Nbd7 10. 0-0 Nc5 11. Bg5 h6 12. Bh4 c6 13. Qd2 Ncxe4 14. Bxe4 Nxe4 15. Qe3 Nf6 16. dxc6 bxc6 17. Rfd1 Qe7 18. Rd2 Ba6 19. Rad1 Rad8 20. Bxf6 Qxf6 21. Qxa7 Bxc4 22. Qc7 d5 23. Re1 Rc8 24. Qb6 Qf4 25. Rb2 e4 26. Nd4 c5 27. Nb3 Bxb3 28. Qxb3 Red8 29. g3 Qf6 30. Rd2 Qe5 31. a4 Rb8 32. Qc2 f5 33. Rde2 d4 34. cxd4 cxd4 35. Qc4+ Kh7 36. Rd2 d3 37. Kg2 Rd4 38. Qc3 Qd5 39. Re3 Rxa4 0-1

[Event "COL-chT rapid Online"]
[Site "Chess.com INT"]
[Date "2020.09.19"]
[Round "3.8"]
[White "Brito Carrascal, Isabela"]
[Black "Cardona, Marisol"]
[Result "0-1"]
[WhiteElo "1565"]
[BlackElo "1142"]
[PlyCount "70"]
[EventDate "2020.09.19"]
[EventType "team-tourn (rapid)"]
[EventRounds "5"]
[EventCountry "COL"]
[SourceTitle "CBM 198 Extra"]
[Source "ChessBase"]
[SourceDate "2020.11.30"]
[SourceVersion "1"]
[SourceVersionDate "2020.11.30"]
[SourceQuality "1"]
[WhiteTeam "Bolivar"]
[BlackTeam "Antioquia II"]
[WhiteTeamCountry "COL"]
[BlackTeamCountry "COL"]

1. e4 d5 2. exd5 Qxd5 3. Nc3 Qa5 4. d4 Nf6 5. Nf3 Bf5 6. Bc4 e6 7. Bd2 c6 8. 0-0 Nbd7 9. Re1 Qb6 10. Bb3 Bd6 11. d5 cxd5 12. Nxd5 Nxd5 13. Bxd5 0-0 14. Bb3 Rac8 15. Be3 Qc7 16. Rc1 b6 17. h3 Rfd8 18. Qe2 Bg6 19. Nd4 Nc5 20. Bc4 Bf4 21. Nb5 Qb8 22. Bxf4 Qxf4 23. Nxa7 Ra8 24. Nb5 Ra4 25. Bb3 Nxb3 26. axb3 Ra5 27. Red1 Raa8 28. Nc3 Qg5 29. Qe1 Bh5 30. Rxd8+ Rxd8 31. Ra1 Bf3 32. Qf1 h6 33. Kh1 Bc6 34. Ra6 Rb8 35. Na4 Bb5 0-1

[Event "Cartagena Region-ch"]
[Site "Cartagena"]
[Date "2020.02.22"]
[Round "1"]
[White "Ibarra Prada, Sebastian Andres"]
[Black "Brito Carrascal, Isabela"]
[Result "0-1"]
[WhiteElo "1051"]
[BlackElo "1564"]
[PlyCount "94"]
[EventDate "2020.02.22"]
[EventType "swiss"]
[EventRounds "5"]
[EventCountry "COL"]
[SourceTitle "CBM 195 Extra"]
[Source "ChessBase"]
[SourceDate "2020.05.31"]
[SourceVersion "1"]
[SourceVersionDate "2020.05.31"]
[SourceQuality "1"]

1. e4 c5 2. Nc3 e6 3. g3 Nc6 4. Bg2 a6 5. d3 Nf6 6. Be3 Be7 7. f4 d6 8. Nf3 Qc7 9. Qd2 Bd7 10. h3 Rb8 11. a4 Nb4 12. 0-0 0-0 13. b3 d5 14. e5 d4 15. exf6 dxe3 16. Qe2 Bxf6 17. Ne5 Bxe5 18. fxe5 Qxe5 19. Ne4 f5 20. c3 Nc6 21. Ng5 Qxg3 22. Nf3 f4 23. d4 Rbe8 24. Rad1 e5 25. dxe5 Bxh3 26. Rd5 Bxg2 27. Qxg2 Qxg2+ 28. Kxg2 b6 29. Rd6 Nxe5 30. Nxe5 Rxe5 31. Kf3 b5 32. Rxa6 bxa4 33. Rxa4 g5 34. Rc4 h5 35. b4 g4+ 36. Ke2 f3+ 37. Ke1 e2 38. Rh1 f2+ 39. Kd2 e1Q+ 40. Rxe1 fxe1Q+ 41. Kc2 cxb4 42. Rxb4 Rc8 43. Rxg4+ hxg4 44. c4 Rxc4+ 45. Kb3 Qc3+ 46. Ka2 Re2+ 47. Kb1 Qb2# 0-1